| 000 | 01017cam a2200289 a 4500 | ||
|---|---|---|---|
| 999 |
_c9215 _d9215 |
||
| 001 | 15152876 | ||
| 003 | OCoLC | ||
| 005 | 20241126110707.0 | ||
| 008 | 860602s1986 ilua 000 0 eng | ||
| 010 | _a86050651 | ||
| 020 | _a0842302824 : | ||
| 020 | _a9780842302821 | ||
| 020 | _a0842313354 (pbk.) | ||
| 020 | _a9780842313353 (pbk.) | ||
| 035 |
_a(OCoLC)15152876 _z(OCoLC)15164196 _z(OCoLC)57397314 |
||
| 040 |
_aDLC _cDLC _dOKE _dBAKER _dOCLCG _dYDXCP _dLMR _dTXBXL _dBDX _dATH |
||
| 050 | 0 | 4 |
_aBT810.2 _b.S69 1986 |
| 050 | 0 | 4 |
_aBT810.2 _b.S69 1986 |
| 082 |
_a234.9 _bSPR |
||
| 100 | 1 |
_aSproul, R. C. _q(Robert Charles), _d1939-2017. _916028 |
|
| 245 | 1 | 0 |
_aChosen by God / _cR.C. Sproul. |
| 260 |
_aWheaton, Ill. : _bTyndale House Publishers, _cc1986. |
||
| 300 |
_a213 p. : _bill. ; _c22 cm. |
||
| 520 | _aThe author presents an analysis of the subject of predestination and the sovereignty of God and offers scriptural references to support his opinion. | ||
| 650 | 0 |
_aPredestination. _98666 |
|
| 942 |
_2ddc _cBK _01 |
||